Notes from a chairman / (Record no. 942)

000 -LEADER
fixed length control field 01185nam a22003497a 4500
001 - CONTROL NUMBER
control field 3351661
003 - CONTROL NUMBER IDENTIFIER
control field OSt
005 - DATE AND TIME OF LATEST TRANSACTION
control field 20210426105419.0
008 - FIXED-LENGTH DATA ELEMENTS--GENERAL INFORMATION
fixed length control field 860801s1987 ilu b 000 0 eng
010 ## - LIBRARY OF CONGRESS CONTROL NUMBER
LC control number 86019106
020 ## - INTERNATIONAL STANDARD BOOK NUMBER
International Standard Book Number 0815147996
040 ## - CATALOGING SOURCE
Original cataloging agency DLC
Transcribing agency DLC
Modifying agency DLC
Language of cataloging eng
041 ## - LANGUAGE CODE
Language code of text/sound track or separate title eng
050 00 - LIBRARY OF CONGRESS CALL NUMBER
Classification number R740
Item number .H79 1987
060 ## - NATIONAL LIBRARY OF MEDICINE CALL NUMBER
Classification number W 50 H966n
080 ## - UNIVERSAL DECIMAL CLASSIFICATION NUMBER
Universal Decimal Classification number 61
Item number H-93
082 00 - DEWEY DECIMAL CLASSIFICATION NUMBER
Classification number 610
Edition number 19
100 1# - MAIN ENTRY--PERSONAL NAME
Personal name Hurst, J. Willis
Fuller form of name (John Willis),
Dates associated with a name 1920-2011.
245 10 - TITLE STATEMENT
Title Notes from a chairman /
Statement of responsibility, etc. J. Willis Hurst.
Remainder of title / by: Year Book Medical Publishers
260 ## - PUBLICATION, DISTRIBUTION, ETC.
Place of publication, distribution, etc. Chicago
Name of publisher, distributor, etc. Year Book Medical Publishers
Date of publication, distribution, etc. c1987.
300 ## - PHYSICAL DESCRIPTION
Extent xv, 314 p. ;
Dimensions 24 cm.
500 ## - GENERAL NOTE
General note "The jottings and essays contained in this volume were written between February 1, 1958, and August 31, 1986"--P. vii.
504 ## - BIBLIOGRAPHY, ETC. NOTE
Bibliography, etc. note Includes bibliographical references.
650 #0 - SUBJECT ADDED ENTRY--TOPICAL TERM
Topical term or geographic name entry element Medicine
General subdivision Study and teaching.
650 #0 - SUBJECT ADDED ENTRY--TOPICAL TERM
Topical term or geographic name entry element Medicine
General subdivision Philosophy.
650 #2 - SUBJECT ADDED ENTRY--TOPICAL TERM
Topical term or geographic name entry element Education, Medical.
650 #2 - SUBJECT ADDED ENTRY--TOPICAL TERM
Topical term or geographic name entry element Philosophy, Medical.
653 ## - INDEX TERM--UNCONTROLLED
Uncontrolled term მედიცინა
653 ## - INDEX TERM--UNCONTROLLED
Uncontrolled term სამედიცინო განათლება
906 ## - LOCAL DATA ELEMENT F, LDF (RLIN)
a 7
b cbc
c orignew
d 1
e ocip
f 19
g y-gencatlg
942 ## - ADDED ENTRY ELEMENTS (KOHA)
Source of classification or shelving scheme
Koha item type Books
Holdings
Withdrawn status Lost status Source of classification or shelving scheme Damaged status Not for loan Permanent location Current location Date acquired Inventory number Total Checkouts Full call number Barcode Date last seen Price effective from Koha item type
          Ken Walker International University Ken Walker International University 01/27/2021 2444   61 H-93 2444 01/27/2021 01/27/2021 Books

Powered by Koha